Catálogo público

Control químico del tizon foliar del cártamo (Alternaria carthami corda) y la influencia de la húmedad relativa y la temperatura, en el desarrollo de la enfermedad en el Valle de Culiacán, Sinaloa, México / (Record no. 201663)

MARC details
000 -CABECERA
campo de control de longitud fija 01015nam a2200265Ia 4500
001 - NÚMERO DE CONTROL
campo de control Para_3201
003 - IDENTIFICADOR DEL NÚMERO DE CONTROL
campo de control CHAP
008 - DATOS DE LONGITUD FIJA--INFORMACIÓN GENERAL
campo de control de longitud fija 220125s1980 xx 000 0 und d
010 ## - NÚMERO DE CONTROL DE LA BIBLIOTECA DEL CONGRESO
Número de control de LC 201663
040 ## - FUENTE DE LA CATALOGACIÓN
Centro/agencia transcriptor CHAP
090 ## - LOCALMENTE ASIGNADO TIPO-LC NÚMERO DE CLASIFICACIÓN (OCLC); NÚMERO DE CLASIFICACIÓN LOCAL (RLIN)
Número de clasificación (OCLC) (R) ; Numero de clasificación, CALL (RLIN) (NR) PA TESIS 434
100 ## - ENTRADA PRINCIPAL--NOMBRE DE PERSONA
Nombre de persona García Estrada, Raymundo Saúl
9 (RLIN) 45972
245 ## - MENCIÓN DE TÍTULO
Título Control químico del tizon foliar del cártamo (Alternaria carthami corda) y la influencia de la húmedad relativa y la temperatura, en el desarrollo de la enfermedad en el Valle de Culiacán, Sinaloa, México /
Mención de responsabilidad, etc. Raymundo S. García E.
260 ## - PUBLICACIÓN, DISTRIBUCIÓN, ETC.
Lugar de publicación, distribución, etc. Culiacán, Sin. :
Nombre del editor, distribuidor, etc. El autor
300 ## - DESCRIPCIÓN FÍSICA
Extensión 46 p.
502 ## - NOTA DE TESIS
Nota de tesis Tesis (Ing. Agr. Esp. en Fitopatología) -- Universidad Autónoma de Sinaloa. Escuela Superior de Agricultura
650 ## - PUNTO DE ACCESO ADICIONAL DE MATERIA--TÉRMINO DE MATERIA
Término de materia o nombre geográfico como elemento de entrada Azafrancillo
Subdivisión general Enfermedades Alternaria cartami Fungicidas
9 (RLIN) 166572
901 ## - ELEMENTOS DE DATOS A LOCAL LDA (RLIN)
a PA TESIS 434
902 ## - ELEMENTOS DE DATOS B LOCAL, LDB (RLIN)
a A
905 ## - ELEMENTOS DE DATOS E LOCAL, LDE (RLIN)
a 0000001980 CUL 0000000000 00
910 ## - DATOS DE OPCIÓN DEL USUARIO (OCLC)
Datos de opción del usuario 1980
942 ## - ELEMENTOS DE PUNTO DE ACCESO ADICIONAL (KOHA)
Tipo de ítem Koha Parasitologia_
942 ## - ELEMENTOS DE PUNTO DE ACCESO ADICIONAL (KOHA)
Tipo de ítem Koha Parasitologia_
-- 1
Holdings
Estado de retiro Estado de pérdida Fuente del sistema de clasificación o colocación Estado dañado Restricciones de uso No para préstamo Código de colección Localización permanente Ubicación/localización actual Fecha de adquisición Información codificada de la localización en otra ubicación Número de inventario Total de préstamos Signatura topográfica completa Código de barras Fecha visto por última vez Número de copia Precio válido a partir de Tipo de ítem Koha Nota pública
    Clasificación Universidad Autónoma de Chapingo   Préstamo 3 días   Tesis Parasitologia Agricola Parasitologia Agricola 27/10/2005 PARA (PA_803-2) (No. UACh CONSUMO)   PA TESIS 434 4101000594 25/01/2022 Ej.2 25/01/2022 Tesis 3
    Clasificación Universidad Autónoma de Chapingo   Préstamo interno   Tesis Parasitologia Agricola Parasitologia Agricola 27/10/2005 PARA (PA_803-2) (No. UACh CONSUMO)   PA TESIS 434 4101000593 25/01/2022 Ej.1 25/01/2022 Tesis 3